000 01373cam a2200397 4500
999 _c23512
_d23512
001 vtls012138719
005 20221109101454.0
008 220609s2022 xo g 000 f slo
020 _a9788082071613
_q(brožované)
020 _a9788082071620
_q(e-book)
040 _aZKSE
_bslo
_cZKSE
_dSNK
_erda
041 1 _aslo
_hfre
044 _axo
_cSK
072 7 _a821.133.1-3
_xFrancúzska próza, francúzsky písaná
_2konspekt
080 _a821.133.1-31
_22011
080 _a316.3(0:82-31)
_22011
100 1 _aDjavadi, Négar,
_d1969-
_4aut
_93762
240 1 0 _aDésorientale
_lSlovensky
245 1 0 _aDezorientálka
_cNégar Djavadi ; z francúzskeho originálu Désorientale preložila Aňa Ostrihoňová
250 _aPrvé vydanie
264 1 _aV Bratislave
_bInaque
_c2022
300 _a284 strán
_c22 cm
336 _atext
_btxt
_2rdacontent
337 _abez média
_bn
_2rdamedia
338 _azväzok
_bnc
_2rdacarrier
490 1 _aPandora
_v70. zväzok
500 _aObsahuje biografické údaje o autorke na zadnej strane obálke
655 7 _afrancúzske romány
_2SNKPH
_92368
655 7 _aspoločenské romány
_2SNKPH
_912
655 7 _aFrench fiction
_2SNKPHeng
_92366
655 7 _aSociety novels
_2SNKPHeng
_93645
700 1 _aOstrihoňová, Aňa,
_d1980-
_4trl
_93763
710 2 _aARThur.
_bInague
_4pbl
_93764
958 _aLX
958 _aUP